| 000 | 00549nam a22001577a 4500 | ||
|---|---|---|---|
| 003 | SISC | ||
| 005 | 20161115144156.0 | ||
| 008 | 161115b xxu||||| |||| 00| 0 eng d | ||
| 020 | _a9781138142787 | ||
| 050 |
_aBF 637 _b.In61 1999 |
||
| 245 |
_aInterventions and strategies in counseling and psychotherapy / _cedited by Richard E. Watts, Ph. D. and Jon Carlson, Psy. D., Ed. D, ABPP. |
||
| 260 |
_aNew York : _bRoutledge, _c1999. |
||
| 300 |
_axii, 240 pages ; _c23 cm. |
||
| 500 | _aIncludes bibliographical references and index. | ||
| 942 |
_2lcc _cBK |
||
| 999 |
_c305269 _d305269 |
||